MARC

LEADER 00000nam0a2200000 4500
001 22157
005 20231101205455.0
010 |a 1857151402 
035 |a (RuTPU)RU\TPU\book\22369 
035 |a BOOK00022439 
090 |a 22157 
100 |a 20011209d1993 m y0engy50 ba 
101 1 |a eng  |c fre 
102 |a GB 
105 |a y j 000ay 
200 1 |a Madame Bovary  |f G. Flaubert 
210 |a London  |c David Campbell Publishers Ltd  |d 1993 
215 |a 330 p. 
225 1 |a The millennium library 
225 1 |a Everyman's library 
606 1 |a Английский язык  |x Учебные руководства и пособия  |x Хрестоматии, книги для чтения  |2 stltpush  |3 (RuTPU)RU\TPU\subj\29075  |9 52487 
610 1 |a французская литература 
610 1 |a романы 
686 |a Ш143.21-923.8  |v LBC/SL-A  |2 rubbk 
700 1 |a Flaubert  |b G.  |g Gustave 
801 0 |a GB  |b 63413507  |c 20011209  |g PSBO 
801 2 |a RU  |b 63413507  |c 20120305  |g PSBO 
942 |c BK